<Die> Allokation des Finanzkapitals in der deutschen Investmentbranche

Salvato in:
Dettagli Bibliografici
Autore principale: Beilecke, Sebastian
Natura: Capitolo di libro
Lingua:tedesco
Tags: Aggiungi Tag
Nessun Tag, puoi essere il primo ad aggiungerne!!

MARC

LEADER 00000nla a2200000 4500
001 0162531
005 20240502072820.7
041 0 |a ger 
044 |a SK 
245 1 0 |a <Die> Allokation des Finanzkapitals in der deutschen Investmentbranche  |c Sebastian Beilecke 
100 1 |a Beilecke, Sebastian